Building Safety Act 2022 / (Record no. 122040)

MARC details
000 -LEADER
fixed length control field 02353nam a22003853i 4500
001 - CONTROL NUMBER
control field BDZ0055238704
003 - CONTROL NUMBER IDENTIFIER
control field StDuBDS
005 - DATE AND TIME OF LATEST TRANSACTION
control field 20241029150116.0
007 - PHYSICAL DESCRIPTION FIXED FIELD--GENERAL INFORMATION
fixed length control field cr||||||||||||
008 - FIXED-LENGTH DATA ELEMENTS--GENERAL INFORMATION
fixed length control field 240509s2024 enk go 000|0 eng d
020 ## - INTERNATIONAL STANDARD BOOK NUMBER
International Standard Book Number 9781784462574 :
Terms of availability 125.00
040 ## - CATALOGING SOURCE
Original cataloging agency StDuBDS
Language of cataloging eng
Description conventions rda
Transcribing agency StDuBDS
072 #7 - SUBJECT CATEGORY CODE
Subject category code 1DBK
Source bicssc
072 #7 - SUBJECT CATEGORY CODE
Subject category code LAT
Source bicssc
072 #7 - SUBJECT CATEGORY CODE
Subject category code LNS
Source bicssc
072 #7 - SUBJECT CATEGORY CODE
Subject category code LAW
Source ukslc
072 #7 - SUBJECT CATEGORY CODE
Subject category code 1DDU
Source thema
072 #7 - SUBJECT CATEGORY CODE
Subject category code LAT
Source thema
072 #7 - SUBJECT CATEGORY CODE
Subject category code LNS
Source thema
100 1# - MAIN ENTRY--PERSONAL NAME
Personal name Andrew, Butler KC,
Relator term author.
245 10 - TITLE STATEMENT
Title Building Safety Act 2022 /
Statement of responsibility, etc. Butler KC Andrew.
264 #1 - PRODUCTION, PUBLICATION, DISTRIBUTION, MANUFACTURE, AND COPYRIGHT NOTICE
Place of production, publication, distribution, manufacture [Place of publication not identified] :
Name of producer, publisher, distributor, manufacturer Law Society,
Date of production, publication, distribution, manufacture, or copyright notice 2024.
300 ## - PHYSICAL DESCRIPTION
Extent 1 online resource
336 ## - CONTENT TYPE
Content type term text
Source rdacontent
337 ## - MEDIA TYPE
Media type term unmediated
Source rdamedia
338 ## - CARRIER TYPE
Carrier type term volume
Source rdacarrier
366 ## - TRADE AVAILABILITY INFORMATION
Detailed date of publication 20240502
Availability status code Available
520 8# - SUMMARY, ETC.
Summary, etc. The Building Safety Act 2022 is an important and complex new piece of legislation which is causing confusion for conveyancers and other property professionals. Written by a team of practising barristers from Tanfield Chambers specialising in residential and commercial property work, this book provides a practical guide to the Act and focuses on key issues for property lawyers, including: the impact of the Act on the recoverability of service charges use of the landlord's certificate and leaseholder deed of certificate the role/relevance of accountable persons and principal accountable persons remediation orders and remediation contribution orders building liability orders amendments to the Building Act 1984 and Defective Premises Act 1972 (including the extension of limitation periods) liability in relation to construction products applications to the First-tier Tribunal under the Act.Containing two chapters written by conveyancer and well-known legal trainer Ian Quayle, it covers all aspects of the Act, with a particular focus on the implications for purchasers, leaseholders, landlords and managing agents, tenants, property developers and those advising them.
650 #7 - SUBJECT ADDED ENTRY--TOPICAL TERM
Topical term or geographic name entry element BUILDING SAFETY ACT 2022
650 #7 - SUBJECT ADDED ENTRY--TOPICAL TERM
Topical term or geographic name entry element Law
650 #7 - SUBJECT ADDED ENTRY--TOPICAL TERM
Topical term or geographic name entry element FIRE SAFETY
650 #7 - SUBJECT ADDED ENTRY--TOPICAL TERM
Topical term or geographic name entry element EBOOK
856 40 - ELECTRONIC LOCATION AND ACCESS
Uniform Resource Identifier <a href="https://www.vlebooks.com/product/openreader?id=RICS&accId=9491556&isbn=9781784462574">https://www.vlebooks.com/product/openreader?id=RICS&accId=9491556&isbn=9781784462574</a>
Public note Available on VLeBooks (email [email protected] if you do not have a login)
942 ## - ADDED ENTRY ELEMENTS (KOHA)
Source of classification or shelving scheme Dewey Decimal Classification
Holdings
Withdrawn status Lost status Damaged status Not for loan Home library Current library Shelving location Date acquired Total Checkouts Full call number Date last seen Price effective from Koha item type
        Virtual Virtual Online 29/10/2024   EBOOK 29/10/2024 29/10/2024 Book